Statistics for From where did they come to join Manchester United (2010s)....?

Click here to take the quiz!

General Stats

  • This quiz has been taken 296 times
  • The average score is 8 of 10

Answer Stats

HintAnswer% Correct
Paul PogbaJuventus
98%
Juan MataChelsea
95%
Romelu LukakuEverton
94%
Anthony MartialMonaco
85%
Luke ShawSouthampton
83%
Victor LendelofBenfica
73%
Diogo DalotPorto
70%
Phil JonesBlackburn
58%
Eric BaillyVillareal
55%
Chris SmallingFulham
47%

Score Distribution

Percentile by Number Answered

Percent of People with Each Score

Your Score History

You have not taken this quiz